| 000 | 00605nam a22001457a 4500 | ||
|---|---|---|---|
| 003 | OSt | ||
| 005 | 20150922085848.0 | ||
| 008 | 150922b xxu||||| |||| 00| 0 eng d | ||
| 040 | _cRUA | ||
| 082 | _aAGR HEA 2008 B035 Or.1 | ||
| 100 |
_91071 _aHEAN SEREIVUTH |
||
| 245 | _aThe insets pests on cashew tree in cheung preybdistrict kampong cham province,(សត្វល្អិតលើដំណាំស្វាយចន្ទី ក្នុងលក្ខខណ្ឌស្រុកជើងព្រៃ ខេត្តកំពង់ចាម) | ||
| 300 |
_axiii,72p. _cill. _g29cm. |
||
| 942 |
_2ddc _cAGR |
||
| 999 |
_c1027 _d1027 |
||